Central interaction between respiratory and cardiovascular control systems /

Bibliographic Details
Corporate Author: International Congress of Physiological Sciences
Other Authors: Koepchen, Hans Peter, Hilton, S. M., Trzebski, A.
Format: Conference Proceeding Book
Language:English
Published: Berlin ; New York : Springer-Verlag, 1980.
Subjects:

MARC

Tag First Indicator Second Indicator Subfields
LEADER 00000cam a2200000 a 4500
001 in00000081289
005 20151008061020.0
008 810911s1980 wb a b 10100 eng
010 |a  81150515  
015 |a GFR*** 
019 |a 6967949 
020 |a 0387099484 (U.S.) 
035 |a (OCoLC)06898343 
035 |9 AAJ7109AM 
039 0 |a 2  |b 3  |c 3  |d 3  |e 3 
040 |a DLC  |c DLC  |d TXA  |d UtOrBLW 
049 |a TXAM  |c [1501939] 
050 0 0 |a QP109  |b .C47 
082 0 |a 591.1/1  |2 19 
245 0 0 |a Central interaction between respiratory and cardiovascular control systems /  |c edited by H.P. Koepchen, S.M. Hilton, A. Trzebski. 
264 1 |a Berlin ;  |a New York :  |b Springer-Verlag,  |c 1980. 
300 |a ix, 244 pages :  |b illustrations ;  |c 25 cm. 
336 |a text  |b txt  |2 rdacontent 
337 |a unmediated  |b n  |2 rdamedia 
338 |a volume  |b nc  |2 rdacarrier 
500 |a "... proceedings of a satellite symposium of the XXVIIth International Congress of IUPS ..."--p. v. 
504 |a Includes bibliographical references and index. 
650 0 |a Cardiovascular system  |x Innervation  |x Congresses. 
650 0 |a Respiratory organs  |x Innervation  |x Congresses. 
650 0 |a Central nervous system  |x Congresses. 
650 0 |a Adaptation (Physiology)  |v Congresses. 
650 0 |a Biological control systems  |v Congresses. 
700 1 |a Koepchen, Hans Peter. 
700 1 |a Hilton, S. M. 
700 1 |a Trzebski, A. 
711 2 |a International Congress of Physiological Sciences  |n (27th :  |d 1977 :  |c Paris, France) 
999 |a MARS 
999 f f |s ac55321e-fb16-3cd3-aaa6-a6058aa72f82  |i ab3958ce-1ff0-3b44-8674-6285bd6a3e63  |t 0 
952 f f |p ric  |a Texas A&M University  |b Rellis Campus  |c Joint Library Facility  |d Remote Storage  |t 0  |e QP109 .C47  |h Library of Congress classification  |i unmediated -- volume  |m A14806223475 
998 f f |a QP109 .C47  |t 0  |l Remote Storage